| 000 | 00959nam0a2200325 i 4500 | ||
|---|---|---|---|
| 001 | RU\NLR\bibl\1987451 | ||
| 005 | 20240723081702.0 | ||
| 010 | _9100 | ||
| 021 |
_aRU _b2012-97659 _97219 |
||
| 035 | _a(nilc)RuMoRGB-006505930 | ||
| 035 | _a(NLR Aleph) 001976036 | ||
| 090 |
_a4022986 _c4022986 |
||
| 100 | _a20121225d2012 u y0rusy50 ca | ||
| 101 | 0 | _arus | |
| 102 | _aRU | ||
| 105 | _ay ||||||||| | ||
| 200 | 1 |
_aЗдесь был мой дом... _e[стихи] _fВладимир Тюфтин |
|
| 210 |
_aРузаевка _c[б. и.] _d2012 |
||
| 215 |
_a45 с. _d20 |
||
| 686 | _aШ6(2=Р)8-5 | ||
| 700 | 1 |
_aТюфтин _bВ. А. _gВладимир Александрович _4070 |
|
| 801 | 0 |
_aRU _bRuMoRKP _c20121225 _gRCR |
|
| 801 | 2 |
_aRU _bРГБ _c20130111 _grcr |
|
| 801 | 1 |
_aRU _bRuMoRKP _c20121225 _2rusmarc |
|
| 801 | 2 |
_aRU _bNLR _c20130116 _grcr |
|
| 830 | _aпо кн | ||
| 942 | _cBOOK | ||
| 980 | _aNBR | ||